Gospodarka miast rejencji koszalińskiej w latach 1918-1938
| Titel: | Gospodarka miast rejencji koszalińskiej w latach 1918-1938 / Kacper Pencarski |
|---|---|
| Verfasser: | |
| Veröffentlicht: | Gdynia : Region, 2017 |
| Umfang: | 541 Seiten ; 25 cm |
| Format: | Buch |
| Sprache: | Polnisch |
| ISBN: | 8375915262 ; 9788375915266 |
| Hinweise zum Inhalt: |
Inhaltsverzeichnis
|
alg: 40587484 001A $03004:18-07-17 001B $01999:01-10-22 $t18:30:56.000 001C $03004:29-09-17 $t08:35:39.000 001D $03004:29-09-17 001U $0utf8 001X $00 002@ $0Aau 002C $aText $btxt $2rdacontent 002D $aohne Hilfsmittel zu benutzen $bn $2rdamedia 002E $aBand $bnc $2rdacarrier 003@ $0405874847 004A $083-7591-526-2 004A $A978-83-7591-526-6 006C $0985963359 $aOCoLC 007A $0405874847 $aHEB 007G $0DE02075EBD00FA2A7A59DC12581B600411B10 009P $qapplication/pdf $A2 $3Inhaltsverzeichnis $uhttp://scans.hebis.de/HEBCGI/show.pl?40587484_toc.pdf $mV:DE-603;B:DE-Mb50 010@ $apol 010E $erda 011@ $a2017 021A $aGospodarka miast rejencji koszalińskiej w latach 1918-1938 $hKacper Pencarski 028A $BVerfasser $4aut $D20220215 $Ecgwrk $71161497161 $8Pencarski, Kacper$Z1981- [Tp3] $9432860061 033A $pGdynia $nRegion 034D $a541 Seiten 034I $a25 cm 037A $aLiteraturverzeichnis Seite 511-540 044A $aMiasta $2jhpk $S7 $xsytuacja gospodarcza $y1900-1945. $zPolska $zKoszalin (region) 044K $RKöslin $#Koszalin (Woiwodschaft) $#Köslin $#Cossalin $71028390-0 $8Koszalin [Tg1] $9042044677 044K $#Köslin, Region $74031608-7 $8Koszalin$zRegion [Tg1] $9085083879 044K $#economics $#Economics $#Wirtschaft $#Ökonomie $#Wirtschaftsleben $#Ökonomie Wirtschaft $74066399-1 $8Wirtschaft [Tsz] $9085186635 044K $RWirtschaftswachstum $#Economic development $#Développement économique $#Wirtschaftliche Entwicklung $#Wirtschaftsdynamik $#Wirtschaftswandel $#Wirtschaftlicher Wandel $#Ökonomische Entwicklung $74066438-7 $8Wirtschaftsentwicklung [Ts1] $9085186708 045F $a330.09438160904 $eDDC23BSB 045F/01 $a330.09 045F/03 $f09042 045F/03 $f09043 045F/03 $g43816 045F/03 $g438 045R $aGeschichte 1918-1938 lok: 40587484 24 exp: 40587484 24 1 #EPN 201B/01 $029-09-17 $t08:39:43.000 201C/01 $018-07-17 201U/01 $0utf8 203@/01 $01004548168 208@/01 $a29-09-17 $bz 209A/01 $a17.05670 $du $f050 $h17 05670 $x00 209C/01 $a17.05670 K $h17 05670 K 209G/01 $a73854393 $x00 220C/01 $aho-sz 247C/01 $8358050-7Marburg, Bibliothek des Herder-Instituts Marburg $9102600961 lok: 40587484 78 exp: 40587484 78 1 #EPN 201B/01 $004-06-19 $t10:41:37.000 201C/01 $004-06-19 201U/01 $0utf8 203@/01 $01052350356 208@/01 $a04-06-19 $be 209A/01 $a/ $f000 $x00 209A/01 $ab*p $x01 220C/01 $aeja 244Z/01 $#Generalgouvernement Polen $#Polska $#Rzeczpospolita Polska $#Polska Rzeczpospolita Ludowa $#Poland $#Pologne $#République Polonaise $#Generalne Gubernatorstwo w Polsce $#Polish People's Republic $#Polska Rzeczpospolita Polen $#PRL $#RP $#Polen Generalgouvernement $#Polska Generalgouvernement $#Besetzte Polnische Gebiete $#Besetztes Gebiet in Polen $#Okupowane Polskie Obszary $#Obszary Okupowane w Polsce $#Volksrepublik Polen $#Polska Rosyjska $#Republic Polen $#Respublika Pol'ša $#Pol'skaja Narodnaja Respublika $#République de Pologne $#Polen Links der Weichsel $#Polska po Lewej Stronie Wisły $#Lenkija $#Polija $#Gubernija Carstva Pol'skago $#Republik Polen $74046496-9 $8--Tg1--Polen $x01 $9085129801 244Z/01 $#Pommern $#Pommern $#Herzogtum Pommern $#Herzogthum Pommern $#Provinz Pommern $#Pomorze $74046744-2 $8--Tg1--Pommern $x06 $9085130354 247C/01 $82080>Marburg/Lahn, Herder-Institut, Forschungsbibliothek, Bibliographieportal $9336309341
| LEADER | 00000cam a2200000 c 4500 | ||
|---|---|---|---|
| 001 | 405874847 | ||
| 003 | DE-603 | ||
| 005 | 20221001183056.0 | ||
| 007 | tu | ||
| 008 | 170718s2017 xx |||| | u00||u|pol c | ||
| 020 | |a 8375915262 | ||
| 020 | |a 9788375915266 | ||
| 035 | |a (DE-599)HEB405874847 | ||
| 040 | |a DE-603 |b ger |c DE-603 |d DE-603 |e rda | ||
| 041 | |a pol | ||
| 082 | 0 | 4 | |8 1\u |a 330.09438160904 |q DE-101 |2 23/BSB |
| 085 | |8 1\u |b 330.09 | ||
| 085 | |8 1\u |z 1 |s 09042 | ||
| 085 | |8 1\u |z 1 |s 09043 | ||
| 085 | |8 1\u |z 2 |s 43816 | ||
| 085 | |8 1\u |z 2 |s 438 | ||
| 100 | 1 | |a Pencarski, Kacper |d 1981- |e Verfasser |4 aut |0 (DE-603)432860061 |0 (DE-588)1161497161 |2 gnd | |
| 245 | 0 | 0 | |a Gospodarka miast rejencji koszalińskiej w latach 1918-1938 |c Kacper Pencarski |
| 264 | 1 | |a Gdynia |b Region |c 2017 | |
| 300 | |a 541 Seiten |c 25 cm | ||
| 336 | |a Text |b txt |2 rdacontent | ||
| 337 | |a ohne Hilfsmittel zu benutzen |b n |2 rdamedia | ||
| 338 | |a Band |b nc |2 rdacarrier | ||
| 500 | |a Literaturverzeichnis Seite 511-540 | ||
| 648 | 7 | |a Geschichte 1918-1938 |2 gnd | |
| 650 | 7 | |a Wirtschaft |0 (DE-588)4066399-1 |0 (DE-603)085186635 |2 gnd | |
| 650 | 7 | |a Wirtschaftsentwicklung |0 (DE-588)4066438-7 |0 (DE-603)085186708 |2 gnd | |
| 651 | 7 | |a Koszalin |0 (DE-588)1028390-0 |0 (DE-603)042044677 |2 gnd | |
| 651 | 7 | |a Koszalin |0 (DE-588)4031608-7 |0 (DE-603)085083879 |2 gnd | |
| 856 | 4 | 2 | |m V:DE-603;B:DE-Mb50 |q application/pdf |u http://scans.hebis.de/HEBCGI/show.pl?40587484_toc.pdf |3 Inhaltsverzeichnis |
| 924 | 0 | |9 Mb 50 |a (DE-603)1004548168 |b DE-Mb50 |c HES |d c |g 17.05670 | |
| 924 | 0 | |9 2080 |a (DE-603)1052350356 |b DE-2080 |c HES |d d |g / | |


